|
|
|
|
| LEADER |
01012nam a2200337 4500 |
| 001 |
DLU090097639 |
| 005 |
##20091201 |
| 040 |
# |
# |
|a DLU
|b eng
|
| 041 |
# |
# |
|a eng
|
| 044 |
# |
# |
|a us
|
| 245 |
# |
# |
|a A strategy of plasma protein quantitation by selective reaction monitoring of an intact protein /
|c Qin C. Ji ... [et al.].
|
| 653 |
# |
# |
|a Correlation coefficient
|
| 653 |
# |
# |
|a Liquid chromatography
|
| 653 |
# |
# |
|a Mass spectrometry
|
| 653 |
# |
# |
|a Plasma
|
| 653 |
# |
# |
|a Protein
|
| 653 |
# |
# |
|a Solid phase extraction
|
| 700 |
# |
# |
|a El-Shourbagy, Tawakol A.
|
| 700 |
# |
# |
|a Gage, Eric M.
|
| 700 |
# |
# |
|a Ji, Qin C.
|
| 700 |
# |
# |
|a Rodila, Ramona.
|
| 773 |
# |
# |
|t Analytical Chemistry
|g Vol. 75, no. 24 (December 2003), p. 7008-7014
|
| 920 |
# |
# |
|a Phòng Tạp chí -- Trung tâm Thông tin - Thư viện Trường Đại học Đà Lạt
|
| 994 |
# |
# |
|a DLU
|
| 900 |
# |
# |
|a True
|
| 911 |
# |
# |
|a Trương Bảo Trâm Anh
|
| 925 |
# |
# |
|a G
|
| 926 |
# |
# |
|a A
|
| 927 |
# |
# |
|a BB
|
| 980 |
# |
# |
|a Thư viện Trường Đại học Đà Lạt
|